| 000 | 00616nam a2200205Ii 4500 | ||
|---|---|---|---|
| 003 | JO-AjNU | ||
| 008 | 230606s9999||||xx |||||||||||||| ||und|| | ||
| 020 | _a978-5014-183-0 | ||
| 040 |
_aJO-AjNU _beng _erda _cJO-AjNU |
||
| 041 | _aeng | ||
| 050 | 1 | 4 | _aTD370.A45.2014 |
| 100 | 3 |
_aAhluwaila,poonam/Arvind k nema, _eauthor _94607 |
|
| 245 | 0 | 0 | _awater and Wasterwater Systems(Source,Treament,Conveance and Disposal |
| 264 | 3 | 1 | _aNew Delhi:S.K KATARIA,2014 |
| 300 | _a404p | ||
| 336 |
_atext _btxt _2rdacontent |
||
| 337 |
_aunmediated _bn _2rdamedia |
||
| 338 |
_avolume _bnc _2rdacarrier |
||
| 650 | 4 |
_awater _94608 |
|
| 999 |
_aE2389 _c2387 _d2387 |
||